[Event "SWE-chB"]
[Site "Uppsala"]
[Date "2016.07.19"]
[Round "4"]
[White "Forsberg, Viktor"]
[Black "Arman, Deniz"]
[Result "0-1"]
[WhiteElo "2379"]
[BlackElo "2323"]
[PlyCount "74"]
[EventDate "2016.07.16"]
[EventType "tourn"]
[EventRounds "9"]
[EventCountry "SWE"]
[EventCategory "3"]
[SourceTitle "CBM 173 Extra"]
[Source "ChessBase"]
[SourceDate "2016.08.29"]
[SourceVersion "1"]
[SourceVersionDate "2016.08.29"]
[SourceQuality "1"]

1. e4 c5 2. Nf3 d6 3. d4 cxd4 4. Nxd4 Nf6 5. Nc3 a6 6. Nb3 Nc6 7. Be2 e6 8. g4 b5 9. a3 Bb7 10. g5 Nd7 11. Rg1 Nb6 12. Be3 g6 13. Rg3 Bg7 14. Qd2 Na4 15. Nxa4 bxa4 16. Nd4 Nxd4 17. Bxd4 e5 18. Bc3 Bxe4 19. 0-0-0 0-0 20. Qxd6 Qc8 21. Qd7 Qc5 22. Re3 Bf5 23. Qd6 Qa7 24. Bxe5 Rac8 25. Rd2 Bxe5 26. Qxe5 Rc5 27. Qd6 Rfc8 28. Bd1 Qb7 29. Re8+ Rxe8 30. Qxc5 Qe4 31. Qd4 Qe6 32. Kb1 Qe1 33. Kc1 Rc8 34. Qxa4 Qg1 35. h4 Qh1 36. b3 Qh3 37. Kb2 Qc3+ 0-1

[Event "SWE-chB"]
[Site "Uppsala"]
[Date "2016.07.16"]
[Round "1"]
[White "Logdahl, Harald"]
[Black "Forsberg, Viktor"]
[Result "1/2-1/2"]
[WhiteElo "2252"]
[BlackElo "2379"]
[PlyCount "124"]
[EventDate "2016.07.16"]
[EventType "tourn"]
[EventRounds "9"]
[EventCountry "SWE"]
[EventCategory "3"]
[SourceTitle "CBM 173 Extra"]
[Source "ChessBase"]
[SourceDate "2016.08.29"]
[SourceVersion "1"]
[SourceVersionDate "2016.08.29"]
[SourceQuality "1"]

1. e4 e5 2. Nc3 Nf6 3. g3 Nc6 4. Bg2 Bc5 5. d3 a6 6. Nf3 d6 7. h3 h6 8. 0-0 Be6 9. Be3 Bxe3 10. fxe3 Ne7 11. Nh4 c6 12. a4 Qc7 13. a5 0-0-0 14. Qe1 d5 15. Na4 dxe4 16. dxe4 Rhg8 17. b4 g5 18. Nf5 Bxf5 19. exf5 e4 20. c4 Rge8 21. b5 cxb5 22. cxb5 axb5 23. Nc3 Qe5 24. a6 Nc6 25. axb7+ Kb8 26. Ra6 Kxb7 27. Ra1 Rd3 28. Rc1 Red8 29. Rf2 Qxg3 30. Nxb5 Rd2 31. Rxd2 Qxe1+ 32. Rxe1 Rxd2 33. Rb1 Kc8 34. Nc3 Rc2 35. Rb3 Na5 36. Rb6 Nd7 37. Ra6 Rxc3 38. Rxa5 Rxe3 39. Ra8+ Kc7 40. Rh8 Kd6 41. Rxh6+ Ke5 42. Rh7 Kf4 43. Rxf7 Ne5 44. Rg7 Re1+ 45. Kh2 Re2 46. Kg1 Kxf5 47. Kf1 Re3 48. Kf2 Kf4 49. Rg8 Nd3+ 50. Kg1 Re1+ 51. Kh2 e3 52. Rf8+ Ke5 53. Bf3 Nf4 54. Kg3 Rg1+ 55. Kh2 Rf1 56. Re8+ Kd4 57. Kg3 Rg1+ 58. Kh2 Rc1 59. h4 gxh4 60. Re4+ Kd3 61. Rxf4 e2 62. Bxe2+ Kxe2 1/2-1/2

[Event "Hasselbacken op"]
[Site "Stockholm"]
[Date "2016.05.01"]
[Round "2"]
[White "Ozen, Deniz"]
[Black "Forsberg, Viktor"]
[Result "0-1"]
[WhiteElo "2139"]
[BlackElo "2370"]
[PlyCount "82"]
[EventDate "2016.04.30"]
[EventType "swiss"]
[EventRounds "9"]
[EventCountry "SWE"]
[SourceTitle "CBM 172 Extra"]
[Source "ChessBase"]
[SourceDate "2016.06.21"]
[SourceVersion "1"]
[SourceVersionDate "2016.06.21"]
[SourceQuality "1"]

1. e4 e5 2. Nf3 Nc6 3. Bb5 a6 4. Ba4 Nf6 5. 0-0 Be7 6. Re1 b5 7. Bb3 d6 8. c3 0-0 9. h3 Nb8 10. d4 Nbd7 11. Nbd2 Bb7 12. Bc2 Re8 13. Nf1 Bf8 14. Ng3 g6 15. Bg5 h6 16. Bd2 exd4 17. cxd4 c5 18. d5 a5 19. Qc1 Kh7 20. Nh4 Nxd5 21. Nhf5 Nb4 22. Bb1 gxf5 23. a3 Nc6 24. Nxf5 Re5 25. f4 Rxf5 26. exf5 Nf6 27. Be3 Nd4 28. Bxd4 cxd4 29. Qd2 Qb6 30. Bd3 d5 31. Qf2 Ne4 32. Qh4 b4 33. Qg4 Qf6 34. Rac1 Bd6 35. Qf3 Qxf5 36. Re2 Rg8 37. Rf1 Qe6 38. Qf2 Qf6 39. Qf3 Kh8 40. g4 Qh4 41. Kg2 f5 0-1

[Event "SWE-chT 1516 Superettan"]
[Site "Sweden"]
[Date "2015.11.06"]
[Round "1"]
[White "Rydstrom, Tom"]
[Black "Forsberg, Viktor"]
[Result "1/2-1/2"]
[WhiteElo "2334"]
[BlackElo "2361"]
[PlyCount "118"]
[EventDate "2015.11.06"]
[EventType "team-tourn"]
[EventRounds "9"]
[EventCountry "SWE"]
[SourceTitle "EXT 2018"]
[Source "ChessBase"]
[SourceDate "2017.10.13"]
[SourceVersion "1"]
[SourceVersionDate "2017.10.13"]
[SourceQuality "1"]
[WhiteTeam "Vaxjo"]
[BlackTeam "Umea Rockaden"]
[WhiteTeamCountry "SWE"]
[BlackTeamCountry "SWE"]

1. e4 e5 2. Nf3 Nc6 3. Bc4 Bc5 4. c3 Nf6 5. d3 0-0 6. Nbd2 d6 7. Bb3 Ne7 8. Nf1 Ng6 9. Ng3 Bb6 10. 0-0 c6 11. h3 Re8 12. Re1 h6 13. d4 Be6 14. d5 cxd5 15. exd5 Bd7 16. Bc2 Qc7 17. Bxg6 fxg6 18. Qd3 e4 19. Nxe4 Nxe4 20. Rxe4 Bf5 21. Rxe8+ Rxe8 22. Qd1 Qc4 23. Be3 Bxe3 24. fxe3 Be4 25. Qd4 Qxd5 26. Qxd5+ Bxd5 27. Kf2 Bxf3 28. Kxf3 Kf7 29. Rd1 Ke6 30. Rd4 d5 31. c4 Rf8+ 32. Ke2 dxc4 33. Rxc4 Rf5 34. Rc7 Rb5 35. b3 Kf6 36. Kd3 a6 37. Kc4 h5 38. Rc5 Rb6 39. b4 Re6 40. Kd4 Re7 41. a4 Rd7+ 42. Rd5 Rc7 43. h4 Rc2 44. Rg5 Rb2 45. Kc3 Re2 46. Kd3 Rb2 47. Kc3 Re2 48. Rg3 g5 49. Rxg5 Rxe3+ 50. Kd4 Rb3 51. Kc4 Rb2 52. Rxh5 Rxg2 53. Kc5 Rg4 54. a5 Re4 55. Rh8 Re5+ 56. Kc4 Re4+ 57. Kc5 Re5+ 58. Kc4 Re4+ 59. Kc5 Re5+ 1/2-1/2

[Event "FIN-chT1A 1516"]
[Site "Finland"]
[Date "2015.10.10"]
[Round "3.1"]
[White "Pitkaaho, Aki"]
[Black "Forsberg, Viktor"]
[Result "0-1"]
[WhiteElo "2154"]
[BlackElo "2361"]
[PlyCount "84"]
[EventDate "2015.09.12"]
[EventType "team-tourn"]
[EventRounds "8"]
[EventCountry "FIN"]
[SourceTitle "EXT 2017"]
[Source "ChessBase"]
[SourceDate "2016.10.25"]
[SourceVersion "1"]
[SourceVersionDate "2016.10.25"]
[SourceQuality "1"]
[WhiteTeam "Raahe Li"]
[BlackTeam "Pori PSY"]
[WhiteTeamCountry "FIN"]
[BlackTeamCountry "FIN"]

1. e4 e5 2. Nf3 Nc6 3. Bb5 a6 4. Ba4 Nf6 5. d3 d6 6. c3 g6 7. 0-0 Bg7 8. Bg5 h6 9. Bh4 0-0 10. Re1 Bd7 11. Nbd2 Qe8 12. Bc2 Nh5 13. Nc4 Nf4 14. d4 Bg4 15. Ne3 Bxf3 16. Qxf3 exd4 17. Qxf4 g5 18. Qf5 Ne7 19. Qg4 dxe3 20. Bg3 exf2+ 21. Bxf2 Be5 22. Bb3 Kg7 23. h4 Ng6 24. hxg5 hxg5 25. Qxg5 Rh8 26. Rad1 Qb5 27. g3 Rag8 28. Qf5 Qe8 29. Rd3 Ne7 30. Qf3 Rh6 31. Bd4 Rf6 32. Bxe5 dxe5 33. Qg4+ Kf8 34. Qh4 Qc6 35. Qh7 Qb6+ 36. Kg2 Qf2+ 37. Kh3 Rd6 38. Red1 Ng6 39. Qh6+ Ke7 40. Qg5+ f6 41. Qd2 Nf4+ 42. gxf4 Rxd3+ 0-1

[Event "Norrkoeping Easter op"]
[Site "Norrkoeping"]
[Date "2015.04.06"]
[Round "8"]
[White "Forsberg, Viktor"]
[Black "Larsson, Victor"]
[Result "1-0"]
[WhiteElo "2356"]
[BlackElo "2134"]
[PlyCount "43"]
[EventDate "2015.04.03"]
[EventType "swiss"]
[EventRounds "8"]
[EventCountry "SWE"]
[SourceTitle "CBM 165 Extra"]
[Source "ChessBase"]
[SourceDate "2015.04.21"]
[SourceVersion "1"]
[SourceVersionDate "2015.04.21"]
[SourceQuality "1"]

1. d4 d5 2. c4 e6 3. Nc3 Be7 4. Nf3 Nf6 5. Bf4 0-0 6. Rc1 Nbd7 7. cxd5 exd5 8. e3 c6 9. h3 Re8 10. Bd3 Nf8 11. Qc2 Ng6 12. Bh2 Bd6 13. Bxd6 Qxd6 14. 0-0 Bd7 15. b4 a6 16. Na4 Rad8 17. Nc5 Bc8 18. a4 Re7 19. b5 axb5 20. axb5 cxb5 21. Bxb5 Ne8 22. Nd3 1-0

[Event "Norrkoeping Easter op"]
[Site "Norrkoeping"]
[Date "2015.04.05"]
[Round "7"]
[White "Karlsson, Jorgen"]
[Black "Forsberg, Viktor"]
[Result "1/2-1/2"]
[WhiteElo "2155"]
[BlackElo "2356"]
[PlyCount "145"]
[EventDate "2015.04.03"]
[EventType "swiss"]
[EventRounds "8"]
[EventCountry "SWE"]
[SourceTitle "CBM 165 Extra"]
[Source "ChessBase"]
[SourceDate "2015.04.21"]
[SourceVersion "1"]
[SourceVersionDate "2015.04.21"]
[SourceQuality "1"]

1. Nc3 Nf6 2. d4 d5 3. Bg5 c5 4. e3 Nc6 5. dxc5 e6 6. Nf3 Bxc5 7. Bd3 h6 8. Bh4 0-0 9. 0-0 Be7 10. Re1 Qb6 11. Rb1 Rd8 12. a3 Ne4 13. Bxe7 Nxe7 14. Ne2 Nf5 15. Ned4 Nfd6 16. c3 Qc7 17. Qc2 Qe7 18. Nb5 Nxb5 19. Bxb5 Nd6 20. Bd3 b6 21. Nd2 Qg5 22. Rbd1 Bb7 23. e4 Rac8 24. Nf3 Qf4 25. e5 Ne4 26. Qc1 Qxc1 27. Rxc1 f6 28. Rcd1 Kf7 29. exf6 gxf6 30. Nd4 e5 31. Nf5 Nd6 32. Nxh6+ Ke6 33. Ng4 Rg8 34. f3 e4 35. Nf2 f5 36. f4 Bc6 37. Re3 Bb5 38. Bxb5 Nxb5 39. Rh3 Rg6 40. Rh7 d4 41. cxd4 Rc2 42. Rh3 Rxb2 43. d5+ Kd6 44. g4 Rc2 45. Kf1 e3 46. Rxe3 fxg4 47. Ne4+ Kd7 48. f5 Rh6 49. Rd2 Rxd2 50. Nxd2 Nd6 51. Re5 Rxh2 52. Ne4 Nxe4 53. Rxe4 g3 54. Rf4 Ke7 55. f6+ Kf7 56. Ra4 a5 57. Rf4 Rd2 58. Rf5 Rd3 59. a4 Rd2 60. Kg1 Ra2 61. Rf3 Rxa4 62. Rb3 Rb4 63. Rd3 Rf4 64. d6 Ke8 65. d7+ Kd8 66. Rd6 b5 67. Kg2 b4 68. Kxg3 Rf1 69. Ra6 b3 70. f7 Rxf7 71. Rxa5 Rf1 72. Rb5 Kxd7 73. Rxb3 1/2-1/2

[Event "SWE-chT 1415 Superettan"]
[Site "Sweden"]
[Date "2014.11.23"]
[Round "3"]
[White "Forsberg, Viktor"]
[Black "Zadruzny, Nicolaj"]
[Result "1/2-1/2"]
[WhiteElo "2330"]
[BlackElo "2238"]
[PlyCount "73"]
[EventDate "2014.11.21"]
[EventType "team-tourn"]
[EventRounds "9"]
[EventCountry "SWE"]
[SourceTitle "EXT 2018"]
[Source "ChessBase"]
[SourceDate "2017.10.13"]
[SourceVersion "1"]
[SourceVersionDate "2017.10.13"]
[SourceQuality "1"]
[WhiteTeam "Umea Rockaden"]
[BlackTeam "Burgsvik Alva"]
[WhiteTeamCountry "SWE"]
[BlackTeamCountry "SWE"]

1. e4 c5 2. Nf3 d6 3. d4 cxd4 4. Nxd4 Nf6 5. Nc3 g6 6. g3 Nc6 7. Nde2 Bg7 8. Bg2 0-0 9. 0-0 Rb8 10. a4 a6 11. h3 b5 12. axb5 axb5 13. Nd5 e6 14. Nxf6+ Bxf6 15. Ra2 Qc7 16. Bh6 Rd8 17. Qd2 Bb7 18. Rd1 Ne5 19. b3 Ra8 20. Rxa8 Bxa8 21. Nd4 Bc6 22. Kh2 Qb7 23. f4 Bxe4 24. fxe5 dxe5 25. Qf2 Be7 26. Rf1 f5 27. Bxe4 Qxe4 28. Nxb5 g5 29. Qg2 Qe3 30. Rf3 Qe1 31. Rd3 Rxd3 32. cxd3 Qa5 33. Qc6 Qd2+ 34. Kh1 Qe1+ 35. Kh2 Qd2+ 36. Kh1 Qe1+ 37. Kh2 1/2-1/2

[Event "SWE-chT2 1314"]
[Site "Sweden"]
[Date "2014.03.07"]
[Round "7"]
[White "Forsberg, Viktor"]
[Black "Mansson, Peter"]
[Result "1/2-1/2"]
[WhiteElo "2301"]
[BlackElo "2142"]
[PlyCount "93"]
[EventDate "2013.11.22"]
[EventType "team-tourn"]
[EventRounds "9"]
[EventCountry "SWE"]
[SourceTitle "EXT 2015"]
[Source "ChessBase"]
[SourceDate "2014.11.20"]
[SourceVersion "1"]
[SourceVersionDate "2014.11.20"]
[SourceQuality "1"]
[WhiteTeam "Umea Rockaden"]
[BlackTeam "Limhamn II"]
[WhiteTeamCountry "SWE"]
[BlackTeamCountry "SWE"]

1. e4 c5 2. Nf3 Nc6 3. Nc3 e5 4. Bc4 d6 5. d3 Be7 6. Nd2 Nf6 7. Nf1 Bg4 8. f3 Be6 9. Ne3 0-0 10. 0-0 Nh5 11. Ned5 Bg5 12. g3 Bxc1 13. Rxc1 Qg5 14. Kh1 Nd4 15. Qe1 Qh6 16. g4 Nf4 17. Nxf4 Qxf4 18. Ne2 Nxe2 19. Qxe2 Rad8 20. Rce1 Rfe8 21. Qe3 Qxe3 22. Rxe3 g5 23. Kg2 f6 24. h4 h6 25. Rh1 Bxc4 26. dxc4 Kg7 27. Ra3 Ra8 28. Rd1 Re6 29. Rdd3 Kf7 30. h5 a6 31. Rdb3 Re7 32. Rb6 Rd7 33. Rab3 Ra7 34. Kf2 Ke7 35. Rd3 Ra8 36. Rdb3 Ra7 37. a4 Ke6 38. a5 Ke7 39. Ke2 Rc7 40. Rd3 Rd7 41. c3 Ra8 42. b4 Rc8 43. b5 Ra8 44. bxa6 Rxa6 45. Rxa6 bxa6 46. Kd2 Rb7 47. Kc2 1/2-1/2

[Event "SWE-chT2 1314"]
[Site "Sweden"]
[Date "2014.01.18"]
[Round "4"]
[White "Forsberg, Viktor"]
[Black "Jonsson, Mikael"]
[Result "1-0"]
[WhiteElo "2301"]
[BlackElo "2326"]
[PlyCount "61"]
[EventDate "2013.11.22"]
[EventType "team-tourn"]
[EventRounds "9"]
[EventCountry "SWE"]
[SourceTitle "EXT 2015"]
[Source "ChessBase"]
[SourceDate "2014.11.20"]
[SourceVersion "1"]
[SourceVersionDate "2014.11.20"]
[SourceQuality "1"]
[WhiteTeam "Umea Rockaden"]
[BlackTeam "Solna"]
[WhiteTeamCountry "SWE"]
[BlackTeamCountry "SWE"]

1. e4 e5 2. Nf3 Nc6 3. Bb5 a6 4. Ba4 Nf6 5. 0-0 Be7 6. Re1 b5 7. Bb3 0-0 8. d3 d6 9. c3 Be6 10. Bxe6 fxe6 11. a4 Rb8 12. axb5 axb5 13. d4 Qc8 14. Bg5 h6 15. Bxf6 Bxf6 16. Qd3 Qb7 17. Na3 Qb6 18. Nc2 Rfe8 19. Rad1 exd4 20. cxd4 Na5 21. Ne3 c5 22. e5 Be7 23. dxc5 dxc5 24. Ng4 Bf8 25. Qg6 Kh8 26. Ng5 hxg5 27. Rd3 Be7 28. Rh3+ Kg8 29. Nh6+ Kh8 30. Nf7+ Kg8 31. Rh8# 1-0

[Event "SWE-chT2 1314"]
[Site "Sweden"]
[Date "2014.01.17"]
[Round "6"]
[White "Forsberg, Viktor"]
[Black "Kassani, Sam"]
[Result "1-0"]
[WhiteElo "2301"]
[BlackElo "2083"]
[PlyCount "73"]
[EventDate "2013.11.22"]
[EventType "team-tourn"]
[EventRounds "9"]
[EventCountry "SWE"]
[SourceTitle "EXT 2015"]
[Source "ChessBase"]
[SourceDate "2014.11.20"]
[SourceVersion "1"]
[SourceVersionDate "2014.11.20"]
[SourceQuality "1"]
[WhiteTeam "Umea Rockaden"]
[BlackTeam "Sollentuna"]
[WhiteTeamCountry "SWE"]
[BlackTeamCountry "SWE"]

1. e4 c5 2. Nf3 g6 3. d4 cxd4 4. Nxd4 Nc6 5. Nc3 Bg7 6. Be3 Nf6 7. Bc4 0-0 8. Bb3 d6 9. f3 Bd7 10. Qd2 Nxd4 11. Bxd4 Bc6 12. g4 a5 13. a4 Nd7 14. Bxg7 Kxg7 15. h4 Ne5 16. Rh3 f6 17. Rg3 Qd7 18. f4 Nxg4 19. h5 f5 20. hxg6 hxg6 21. 0-0-0 Rad8 22. Rxg4 fxg4 23. f5 d5 24. Qg5 Qd6 25. Nxd5 Bxd5 26. Bxd5 Qf6 27. Qxg4 Rh8 28. Rg1 Rh6 29. Qf4 e5 30. Qd2 Qb6 31. Qg5 Qf6 32. Qe3 b6 33. Qc3 Qd6 34. Kb1 Qc5 35. Qxe5+ Kf8 36. Qf6+ Ke8 37. Qf7# 1-0

[Event "SWE-chT2 1314"]
[Site "Sweden"]
[Date "2013.11.24"]
[Round "3"]
[White "Forsberg, Viktor"]
[Black "Laith, Kasib"]
[Result "1-0"]
[WhiteElo "2301"]
[BlackElo "2071"]
[PlyCount "81"]
[EventDate "2013.11.22"]
[EventType "team-tourn"]
[EventRounds "9"]
[EventCountry "SWE"]
[SourceTitle "EXT 2015"]
[Source "ChessBase"]
[SourceDate "2014.11.20"]
[SourceVersion "1"]
[SourceVersionDate "2014.11.20"]
[SourceQuality "1"]
[WhiteTeam "Umea Rockaden"]
[BlackTeam "Manhem II"]
[WhiteTeamCountry "SWE"]
[BlackTeamCountry "SWE"]

1. e4 e6 2. d4 d5 3. Nc3 Nf6 4. Bg5 Be7 5. e5 Nfd7 6. Bxe7 Qxe7 7. f4 0-0 8. Nf3 c5 9. dxc5 Nc6 10. Qd2 Qxc5 11. Bd3 f6 12. exf6 Nxf6 13. 0-0-0 Rb8 14. Rhf1 b5 15. Ne2 a5 16. Qc3 Qd6 17. Ne5 Nb4 18. Kb1 Ba6 19. Nd4 Rfc8 20. Qd2 Nxd3 21. cxd3 b4 22. Rc1 a4 23. Rxc8+ Rxc8 24. Rc1 Rxc1+ 25. Qxc1 Nd7 26. Qc6 Qxc6 27. Ndxc6 Nxe5 28. Nxe5 Bb5 29. Kc2 Kf8 30. g4 Ke7 31. g5 Be8 32. d4 Kd6 33. a3 bxa3 34. bxa3 Ke7 35. Kc3 Kd6 36. Kb4 h5 37. h4 Ke7 38. Kc5 g6 39. Kb6 Kd6 40. Kb7 Ke7 41. Kc7 1-0

[Event "SWE-chT2 1314"]
[Site "Sweden"]
[Date "2013.11.23"]
[Round "2"]
[White "Blomstrom, Lars"]
[Black "Forsberg, Viktor"]
[Result "0-1"]
[WhiteElo "2150"]
[BlackElo "2301"]
[PlyCount "68"]
[EventDate "2013.11.22"]
[EventType "team-tourn"]
[EventRounds "9"]
[EventCountry "SWE"]
[SourceTitle "EXT 2015"]
[Source "ChessBase"]
[SourceDate "2014.11.20"]
[SourceVersion "1"]
[SourceVersionDate "2014.11.20"]
[SourceQuality "1"]
[WhiteTeam "Orebro"]
[BlackTeam "Umea Rockaden"]
[WhiteTeamCountry "SWE"]
[BlackTeamCountry "SWE"]

1. e4 e5 2. Nf3 Nc6 3. Bb5 a6 4. Ba4 Nf6 5. 0-0 Be7 6. Bxc6 dxc6 7. d3 Nd7 8. Nbd2 0-0 9. Nc4 f6 10. Kh1 Nc5 11. Ng1 Ne6 12. Ne2 a5 13. a4 c5 14. f4 exf4 15. Nxf4 f5 16. exf5 Rxf5 17. Nxe6 Rxf1+ 18. Qxf1 Bxe6 19. Bf4 Bd5 20. Qf2 Ra6 21. Ne3 Bh4 22. Bg3 Bxg3 23. Qxg3 Rg6 24. Qe5 Rg5 25. Qf4 Bc6 26. Rf1 h6 27. b3 Qd4 28. h3 Kh7 29. Qf2 Re5 30. Nc4 Rg5 31. Ne3 b6 32. Ng4 h5 33. Ne3 Rg6 34. Qe2 Qh4 0-1

[Event "Sarajevo Bosna op-A 43rd"]
[Site "Sarajevo"]
[Date "2013.06.08"]
[Round "9"]
[White "Forsberg, Viktor"]
[Black "Jakovljevic, Vlado"]
[Result "1-0"]
[WhiteElo "2286"]
[BlackElo "2440"]
[PlyCount "131"]
[EventDate "2013.06.01"]
[EventType "swiss"]
[EventRounds "9"]
[EventCountry "BIH"]
[SourceTitle "CBM 154 Extra"]
[Source "ChessBase"]
[SourceDate "2013.06.25"]
[SourceVersion "2"]
[SourceVersionDate "2013.06.25"]
[SourceQuality "1"]

1. Nf3 c5 2. c4 Nf6 3. Nc3 e6 4. g3 b6 5. Bg2 Bb7 6. 0-0 d6 7. d4 cxd4 8. Qxd4 Be7 9. Rd1 a6 10. e4 Nbd7 11. b3 Qc7 12. Ba3 Nc5 13. e5 dxe5 14. Qxe5 Qc8 15. Qe3 0-0 16. Na4 Bxf3 17. Qxf3 Rb8 18. Nxc5 bxc5 19. Rd2 Rd8 20. Rad1 Rxd2 21. Rxd2 Qc7 22. Bb2 h6 23. Bc3 Kf8 24. Qc6 Qxc6 25. Bxc6 Rc8 26. Bb7 Rc7 27. Bg2 Nd7 28. Ba5 Ra7 29. Bc6 Ne5 30. Bg2 Nd7 31. f4 Bf6 32. Rd6 Ke7 33. Rc6 Bd4+ 34. Kf1 f5 35. Rc8 g5 36. Bd8+ Kf7 37. fxg5 hxg5 38. Bxg5 Nf6 39. Ra8 Rd7 40. Bc6 Rd6 41. Rxa6 Ne4 42. Bf4 e5 43. Bc1 Kg7 44. Ra7+ Kh8 45. Bd7 f4 46. gxf4 exf4 47. Kg2 Be5 48. Bf5 Ng5 49. h4 Rd1 50. Bxf4 Bxf4 51. hxg5 Bxg5 52. Kf3 Rd4 53. Be4 Bc1 54. Ra5 Rd2 55. Rxc5 Rxa2 56. Rc7 Rd2 57. b4 Rb2 58. b5 Rb3+ 59. Kg4 Kg8 60. Kf5 Kf8 61. Ke6 Be3 62. Rc8+ Kg7 63. Bd5 Bg1 64. Kd6 Bh2+ 65. Kc6 Bg1 66. Rg8+ 1-0

[Event "Sarajevo Bosna op-A 43rd"]
[Site "Sarajevo"]
[Date "2013.06.06"]
[Round "7"]
[White "Rasidovic, Sead"]
[Black "Forsberg, Viktor"]
[Result "1/2-1/2"]
[WhiteElo "2381"]
[BlackElo "2286"]
[PlyCount "157"]
[EventDate "2013.06.01"]
[EventType "swiss"]
[EventRounds "9"]
[EventCountry "BIH"]
[SourceTitle "CBM 154 Extra"]
[Source "ChessBase"]
[SourceDate "2013.06.25"]
[SourceVersion "2"]
[SourceVersionDate "2013.06.25"]
[SourceQuality "1"]

1. e4 c5 2. Nf3 d6 3. d4 cxd4 4. Nxd4 Nf6 5. Nc3 a6 6. Be2 e5 7. Nb3 Be7 8. g4 h6 9. Be3 Be6 10. Bf3 Nbd7 11. Qe2 b5 12. 0-0-0 b4 13. Nd5 Bxd5 14. exd5 a5 15. Kb1 a4 16. Nd2 Qa5 17. Nc4 Qa6 18. Bc1 0-0 19. h4 Rfc8 20. Nd2 Qxe2 21. Bxe2 a3 22. Bf3 axb2 23. Bxb2 Nc5 24. Rde1 Nfd7 25. Ne4 Na4 26. g5 hxg5 27. hxg5 Nc3+ 28. Bxc3 bxc3 29. Reg1 Rcb8+ 30. Kc1 Rxa2 31. Kd1 Nf8 32. Nf6+ Bxf6 33. gxf6 Rb1+ 34. Ke2 Rxg1 35. Rxg1 Ng6 36. Be4 gxf6 37. Kd3 Ra5 38. Kxc3 Kf8 39. Kb4 Ra2 40. Kb3 Ra5 41. Kb4 Rc5 42. c4 Ne7 43. Ra1 f5 44. Bd3 e4 45. Bf1 Nxd5+ 46. cxd5 Rxd5 47. Kc3 f4 48. Bc4 Re5 49. Kd4 f5 50. Ra8+ Kg7 51. Ra7+ Kh6 52. Ra6 Kg5 53. Rxd6 Ra5 54. Be6 Ra4+ 55. Kc3 Ra3+ 56. Kd2 e3+ 57. Ke2 exf2 58. Kxf2 Kg4 59. Bd5 Rc3 60. Rg6+ Kh5 61. Rg8 Rg3 62. Rf8 Kg6 63. Be6 Rg5 64. Kf3 Rg3+ 65. Kxf4 Rg4+ 66. Ke5 Re4+ 67. Kd5 Rf4 68. Ke5 Re4+ 69. Kd6 f4 70. Kd5 Rb4 71. Ke5 Kg5 72. Rg8+ Kh4 73. Rg4+ Kh5 74. Kf6 Ra4 75. Rg8 Kh4 76. Rg4+ Kh5 77. Rg1 Kh4 78. Bd5 f3 79. Bxf3 1/2-1/2

[Event "Sarajevo Bosna op-A 43rd"]
[Site "Sarajevo"]
[Date "2013.06.05"]
[Round "6"]
[White "Forsberg, Viktor"]
[Black "Batricevic, Sasa"]
[Result "1-0"]
[WhiteElo "2286"]
[BlackElo "2252"]
[PlyCount "81"]
[EventDate "2013.06.01"]
[EventType "swiss"]
[EventRounds "9"]
[EventCountry "BIH"]
[SourceTitle "CBM 154 Extra"]
[Source "ChessBase"]
[SourceDate "2013.06.25"]
[SourceVersion "2"]
[SourceVersionDate "2013.06.25"]
[SourceQuality "1"]

1. e4 c5 2. Nf3 Nc6 3. Bb5 a6 4. Bxc6 dxc6 5. d3 Qc7 6. 0-0 e5 7. Be3 f6 8. Nbd2 Be6 9. a3 Rd8 10. Qb1 Qf7 11. Rd1 Bd6 12. b4 cxb4 13. axb4 Ne7 14. c4 0-0 15. b5 axb5 16. cxb5 c5 17. Qc2 b6 18. Nc4 Bc7 19. Nfd2 Rd7 20. Ra3 Qg6 21. Kh1 Rfd8 22. Rda1 f5 23. f3 h6 24. Ra8 Qe8 25. Rxd8 Qxd8 26. Nb2 Kh7 27. Ndc4 Ng6 28. Kg1 Rf7 29. Ra7 Qe8 30. Na3 fxe4 31. dxe4 Nh4 32. Bf2 Nxf3+ 33. gxf3 Rxf3 34. Qe2 Qh5 35. Rxc7 Bh3 36. Kh1 Qg4 37. Bg1 Rg3 38. Rxg7+ Kxg7 39. Qxg4+ Rxg4 40. Bf2 Rxe4 41. Nac4 1-0

[Event "Norrkoeping Easter op"]
[Site "Norrkoeping"]
[Date "2013.03.30"]
[Round "5"]
[White "Karlsson, Lars"]
[Black "Forsberg, Viktor"]
[Result "0-1"]
[WhiteElo "2433"]
[BlackElo "2241"]
[PlyCount "84"]
[EventDate "2013.03.29"]
[EventType "swiss"]
[EventRounds "8"]
[EventCountry "SWE"]
[SourceTitle "CBM 153 Extra"]
[Source "ChessBase"]
[SourceDate "2013.04.22"]
[SourceVersion "1"]
[SourceVersionDate "2013.04.22"]
[SourceQuality "1"]

1. g3 Nf6 2. Bg2 g6 3. c4 Bg7 4. Nc3 0-0 5. e4 d6 6. Nge2 c5 7. d3 Nc6 8. a3 Bg4 9. f3 Bd7 10. Rb1 a5 11. Be3 Rb8 12. 0-0 Ne8 13. d4 cxd4 14. Nxd4 Nxd4 15. Bxd4 b5 16. cxb5 Bxb5 17. Rf2 Bc6 18. b4 axb4 19. Rfb2 Bxd4+ 20. Qxd4 bxc3 21. Rxb8 c2 22. Qc3 cxb1Q+ 23. Rxb1 Qd7 24. Rb6 Ba8 25. h4 Qa7 26. Qb4 Nf6 27. Kh2 Nd7 28. Rb5 Rb8 29. h5 Rxb5 30. Qxb5 gxh5 31. Qg5+ Kf8 32. Qh6+ Ke8 33. Qxh7 Qxa3 34. Qxh5 Qb2 35. Qa5 Bb7 36. Qc7 Qb6 37. Qc3 e6 38. Qh8+ Nf8 39. Kh3 Qc5 40. Kh2 Qe5 41. Qh6 Qb2 42. Qe3 Nd7 0-1

[Event "SWE-chT 1213"]
[Site "Sweden"]
[Date "2013.03.17"]
[Round "9"]
[White "Forsberg, Viktor"]
[Black "Jepson, Christian"]
[Result "1-0"]
[WhiteElo "2241"]
[BlackElo "2391"]
[PlyCount "67"]
[EventDate "2012.10.05"]
[EventType "team-tourn"]
[EventRounds "9"]
[EventCountry "SWE"]
[SourceTitle "EXT 2014"]
[Source "ChessBase"]
[SourceDate "2013.11.20"]
[SourceVersion "1"]
[SourceVersionDate "2013.11.20"]
[SourceQuality "1"]
[WhiteTeam "Umea Rockaden"]
[BlackTeam "Limhamn"]
[WhiteTeamCountry "SWE"]
[BlackTeamCountry "SWE"]

1. e4 e5 2. Nf3 Nc6 3. Bb5 a6 4. Ba4 Nf6 5. 0-0 b5 6. Bb3 Bb7 7. d4 Nxd4 8. Bxf7+ Kxf7 9. Nxe5+ Kg8 10. Qxd4 Qe8 11. f3 c5 12. Qc3 b4 13. Qb3+ d5 14. Ng4 Nxg4 15. fxg4 Qxe4 16. Bf4 c4 17. Qg3 Qxc2 18. Nd2 h6 19. Nf3 g5 20. Bd6 Bg7 21. Be5 Rh7 22. Nd4 Qxb2 23. Bxg7 Rxg7 24. Nf5 Rd8 25. Rae1 Bc8 26. Nxh6+ Kh7 27. Qh3 Qc3 28. Re3 Qxe3+ 29. Qxe3 Kxh6 30. Qb6+ Kh7 31. Qxd8 Bd7 32. Re1 c3 33. Re7 Ba4 34. Rxg7+ 1-0